| 000 | 00728nam a2200133Ia 4500 | ||
|---|---|---|---|
| 008 | 171212s9999 xx 000 0 und d | ||
| 020 | _a9780833059680 | ||
| 100 | _aWolf, Jr., Charles;Chow, Brian G.;Jones, Gregory S.;Harold, Scott | ||
| 245 |
_cWolf, Jr., Charles;Chow, Brian G.;Jones, Gregory S.;Harold, Scott _aChina’s Expanding Role in Global Mergers and Acquisitions Markets |
||
| 260 |
_bRAND Corporation _c2011 |
||
| 650 | _aAfghanistan -- History -- Soviet occupation, 1979-1989; Military assistance, Soviet -- Afghanistan; Internal security -- Afghanistan; Afghanistan -- History, Military -- 20th century; Soviet Union -- History, Military | ||
| 650 | _aEconomics | ||
| 856 | _uwww.jstor.org/stable/10.7249/mg1162capp | ||
| 999 |
_c351857 _d351857 |
||